Gminy powiatu Wołomińskiego - Statystyki

Ogólne statystyki
  • Ten quiz został rozwiązany 161 razy
  • Średni wynik to 8 z 12
Statystyki odpowiedzi
Hint Odpowiedź % Poprawnych
Gmina Wołomin
94%
Gmina Ząbki
93%
Gmina Zielonka
89%
Gmina Marki
87%
Gmina Kobyłka
85%
Gmina Tłuszcz
83%
Gmina Radzymin
81%
Gmina Jadów
61%
Gmina Klembów
51%
Gmina Dąbrówka
39%
Gmina Poświętne
38%
Gmina Strachówka
35%
Nie znaleziono quizów pasujących do podanych kryteriów
Rozkład punktacji
Procent ludzi z każdym wynikiem
Percentyl według liczby udzielonych odpowiedzi
Twoja historia wyników
Nie rozwiązałeś tego quizu